000 00587nam a2200205Ia 4500
005 20230722094922.0
008 131103s9999 xx 000 0 und d
040 _aLoreto College
041 _aEnglish
082 _a920
_bBOO-COL
100 _aCollier, Richard
245 4 _aThe General Next to God
_b the story of William Booth and Salvation Army
_cRichard Collier
260 _aLondon
_bFontana Books
_c1968
300 _a285 p.
504 _aIncludes bibliographical references and index
650 _aBooth,William
651 _aBiography
850 _aLCLIB
942 _cBK
999 _c12353
_d62832